| 000 | 01668cam a22003374a 4500 | ||
|---|---|---|---|
| 001 | 15423562 | ||
| 003 | SISC | ||
| 005 | 20160630160031.0 | ||
| 008 | 080822s2008 ctua 000 0 eng | ||
| 010 | _a 2008935940 | ||
| 020 | _a9781935096276 (trade pbk. : alk. paper) | ||
| 020 | _a1935096273 (trade pbk. : alk. paper) | ||
| 040 |
_aDLC _cDLC _dDLC |
||
| 043 | _an-us--- | ||
| 050 | 0 | 0 |
_aPS 508.S43 _b.C36 2008 |
| 100 | 1 |
_aCanfield, Jack, _d1944- |
|
| 245 | 1 | 0 |
_aChicken soup for the soul : _bteens talk getting in...to college / _cJack Canfield, Mark Victor Hansen, Amy Newmark. |
| 260 |
_aCos Cob, CT : _bChicken Soup for the Soul Pub. _c2008. |
||
| 300 |
_axvi, 423 pages : _billustrations ; _c22 cm. |
||
| 500 | _a101 true stories from kids who have lived through It | ||
| 520 | _aA collection of 101 stories for high schools students who are applying to college written by teens and by adults about their experiences applying to college. Stories cover everything from grade pressure, to peer pressure, to parental pressure, to SATs and ACTs, interviews and essays, filling out college applications, to waiting for the letters, dealing with good and bad news, wait lists, and alternative paths to college such as gap years. | ||
| 650 | 0 |
_aHigh school students _xLiterary collections. |
|
| 650 | 0 |
_aCollege applications _zUnited States _vAnecdotes. |
|
| 650 | 0 |
_aTeenagers _vLiterary collections. |
|
| 650 | 0 |
_aTeenagers _xConduct of life _vLiterary collections. |
|
| 700 | 0 | _aHansen, Mark Victor. | |
| 700 | 0 | _aNewmark, Amy. | |
| 906 |
_a7 _bcbc _corignew _d2 _eepcn _f20 _gy-gencatlg |
||
| 942 |
_2lcc _cBK |
||
| 999 |
_c296210 _d296210 |
||